| 000 | 01172nam a2200361 i 4500 | ||
|---|---|---|---|
| 001 | 000014270 | ||
| 003 | DO-SdBNP | ||
| 005 | 20260225132112.0 | ||
| 007 | ta | ||
| 008 | 091208s2001 sp 000 0 spa d | ||
| 020 | _a8466303022 | ||
| 040 |
_aDO-SdBNP _bspa _cBNPHU _erda |
||
| 041 | 1 | 7 |
_aspa _heng _2Códido de idioma MARC |
| 049 | _aBNGR | ||
| 082 | 4 |
_a170 _bM339m 2001 _222 |
|
| 100 | 1 |
_aMarinoff, Lou, _eautor _4aut. _932223 |
|
| 240 | 1 | 0 |
_aPlato not Prozac! _lEspañol |
| 245 | 1 | 0 |
_aMás Platón y menos Prozac / _cLou Marinoff ; traducción de Borja Folch. |
| 250 | _acuarta edición | ||
| 264 | 1 |
_a[Madrid] : _bSuma de Letras, _c2001. |
|
| 300 |
_a513, [12] páginas ; _c18 cm. |
||
| 336 |
_atexto _btxt _2rdacontent |
||
| 337 |
_asin mediación _bn _2rdamedia |
||
| 338 |
_avolumen _bnc _2rdacarrier |
||
| 490 | 1 |
_aPunto de lectura _v167 |
|
| 534 |
_aTítulo original en inglés: _tPlato not Prozac! _c1999 |
||
| 600 | 1 | 4 |
_aPlatón, _d428?-347 a. c. _xcrítica e interpretavión _932224 |
| 650 | 4 |
_aFilosofía _9813 |
|
| 650 | 7 |
_aConducta de vida _2LIBRUNAM _911947 |
|
| 700 | 1 |
_aFolch, Borja, _etraductor _4tr. _932225 |
|
| 910 | _aWM | ||
| 942 |
_2ddc _cLBS1 |
||
| 999 |
_c13866 _d13866 |
||